000 01355nam a2200289 i 4500
003 EG-GICUC
005 20260121101522.0
008 251218s1964 ua ||||fr|||| 000 0 ara d
040 _a EG-GICUC
_bara
_c EG-GICUC
_d EG-GICUC
_erda
041 _aara
082 0 4 _221
_a343.5
_bم ح . ق
092 0 4 _221
099 _aLaw1 10 343.3 م ح .ق 1964
100 0 _aمحمد محي الدين عوض
_eمؤلف.
245 1 2 _aالقانون الجنائي :
_bإجراءاته في التشريعين المصري والسوداني.
_nالجزء الثاني،
_pفي التحقيق بمعرفة النيابة والتحقيق القضائي في السودان والمحاكمة والطعن في الأحكام في الجمهورية العربية المتحدة والسودان /
_cمحمد محي الدين عوض.
264 3 _aالقاهرة:
_bالمطبعة العالمية,
_c1964.
300 _a584 صفحة ؛
_c24 سم
336 _2rda content
_atext
337 _2rda media
_aComputer
338 _2rda carrier
_aOnline Resource
546 _aالنص أغلبه باللغة العربية مع بعض النصوص الإنجليزية
650 1 4 _aالقانون الجنائي
_2qrmak
651 1 _2qrmak
856 4 0 _uhttps://fll.law.cu.edu.eg/fulltext/bks/B10-05736.pdf
905 _a79
_eHassnaa
942 _2ddc
_cBK
_e21
_n0
999 _c51535
_d51535